| 000 | 00744nam a2200289Ia 4500 | ||
|---|---|---|---|
| 005 | 20260324120715.0 | ||
| 008 | 008 260324s9999 xx 000 0 eng d | ||
| 020 | _a9781315849805 | ||
| 037 | _aEBOOK | ||
| 040 | _aCRL | ||
| 040 | _beng | ||
| 040 | _cCRL | ||
| 041 | _2eng | ||
| 041 | _aeng | ||
| 084 | _qCRL | ||
| 100 |
_aLinda Rae Bennett; Sharyn Graham Davies _91159645 |
||
| 245 | 0 | _aSex and Sexualities in Contemporary Indonesia | |
| 245 | 0 | _bSexual Politics, Health, Diversity and Representations | |
| 260 | _bTaylor and Francis | ||
| 260 | _c2014 | ||
| 365 | _a | ||
| 365 | _b240 | ||
| 856 | _uhttp://www.taylorfrancis.com/books/9781315849805 | ||
| 942 | _cEBOOK | ||
| 999 |
_c1751317 _d1751317 |
||